000 00768cam a2200229u 4500
001 24482
003 BD-RjUL
005 20211209001046.0
008 830420s1955 enkfh 000 0beng
035 _a(BD-RjUL)24549
040 _aDLC
_cCarP
_dBD-RjUL
_beng
041 _aeng
082 _a189.4
_bROB 1955
245 0 0 _aRobert Grosseteste: scholar and bishop :
_bEssays in commemoration of the seventh centenary of his death /
_c Daniel Angelo Philip Callus.
260 _aOxford,
_bClarendon Press,
_c1955.
300 _axxv, 263 p. :
_bplate, facsim. ;
_c23 cm.
600 1 0 _aGrosseteste, Robert,
_d1175?-1253.
_975386
700 _aCallus, D. A.
_q Daniel Angelo Philip Callus.
_975371
942 _2ddc
_cBK
999 _c24482
_d24482